European Leaders - Statistics

General Stats
  • This quiz has been taken 179 times
    20 since last reset
  • The average score is 7 of 15
Answer Stats
Hint Answer % Correct
British King Charles III
100%
French President Emmanuel Macron
94%
Italian Prime Minister Giorgia Meloni
82%
Vatican City Leader Pope Leo XIV
82%
UK Prime Minister Sir Keir Starmer
82%
German Chancellor Friedrich Merz
65%
Spanish Prime Minister Pedro Sanchez
65%
Spanish King Felipe VI
59%
French Prime Minister Sébastien Lecornu
29%
Italian President Sergio Mattarella
24%
Dutch King Willem-Alexander
24%
German President Frank-Walter Steinmeier
18%
Dutch Prime Minister Rob Jetten
12%
Maltese Prime Minister Robert Abela
6%
Maltese President Myriam Spiteri Debono
0%
No matching quizzes found
Score Distribution
Percent of People with Each Score
Percentile by Number Answered
Your Score History
You have not taken this quiz since the last reset